000 00476nam a22001817a 4500
005 20260330112636.0
008 260330b |||||||| |||| 00| 0 eng d
020 _a978-93-5250-017-8
100 _aMEHTA, ARJUN
245 _aEMERGENCY MEDICINE
250 _a2ND ED
260 _aNEW DELHI
_bTHE HEALTH SCIENCES PUBLISHER
_c2016
300 _aXVIII, 398P.
500 _aINCLUDES INDEX
650 _aEMERGENCY MEDICINE
700 _aCULLEY, CATHERINE
942 _2lcc
_cBK
999 _c216894
_d216894